[Event "Varginha Mineiro-ch"]
[Site "Varginha"]
[Date "2019.11.15"]
[Round "2"]
[White "Bueno Filho, Julio Silvio de S"]
[Black "Dibai, Jerry"]
[Result "1-0"]
[WhiteElo "2031"]
[BlackElo "1677"]
[PlyCount "101"]
[EventDate "2019.11.14"]
[EventType "swiss"]
[EventRounds "7"]
[EventCountry "BRA"]
[SourceTitle "CBM 193 Extra"]
[Source "ChessBase"]
[SourceDate "2020.01.31"]
[SourceVersion "1"]
[SourceVersionDate "2020.01.31"]
[SourceQuality "1"]

1. d4 Nf6 2. c4 g6 3. Nc3 Bg7 4. e4 d6 5. f3 0-0 6. Be3 Nbd7 7. Nh3 h5 8. Qd2 c6 9. Be2 a6 10. Nf2 b5 11. 0-0 e5 12. d5 b4 13. Na4 c5 14. a3 a5 15. axb4 axb4 16. b3 Bb7 17. Ra2 Nb6 18. Nxc5 Rxa2 19. Qxa2 dxc5 20. Bxc5 Qc7 21. Bxb4 Ra8 22. Qd2 Nbd7 23. Bc3 Kh7 24. Qb2 Qb6 25. b4 Rc8 26. Kh1 h4 27. c5 Nxc5 28. bxc5 Qxb2 29. Bxb2 Rxc5 30. Bxe5 Nd7 31. Bxg7 Kxg7 32. Kg1 Rc2 33. Bd3 Rb2 34. Rb1 Rxb1+ 35. Bxb1 Ne5 36. Nd3 Nxd3 37. Bxd3 Kf6 38. Kf2 Ke5 39. Ke3 g5 40. g3 hxg3 41. hxg3 f6 42. f4+ gxf4+ 43. gxf4+ Kd6 44. Kd4 Ba8 45. e5+ fxe5+ 46. fxe5+ Ke7 47. Kc5 Bb7 48. Bc4 Bc8 49. Kc6 Bd7+ 50. Kc7 Ba4 51. e6 1-0

[Event "Pocos de Caldas op"]
[Site "Pocos de Caldas"]
[Date "2019.02.10"]
[Round "5"]
[White "Dibai, Jerry"]
[Black "Nunes, Guilherme Sacardo T"]
[Result "1/2-1/2"]
[WhiteElo "1675"]
[BlackElo "1715"]
[PlyCount "48"]
[EventDate "2019.02.08"]
[EventType "swiss"]
[EventRounds "6"]
[EventCountry "BRA"]
[SourceTitle "CBM 189 Extra"]
[Source "ChessBase"]
[SourceDate "2019.06.03"]
[SourceVersion "1"]
[SourceVersionDate "2019.06.03"]
[SourceQuality "1"]

1. Nf3 Nf6 2. g3 g6 3. Bg2 Bg7 4. d3 d6 5. c4 0-0 6. Nc3 e5 7. Rb1 Nc6 8. b4 Nd7 9. Nd5 Ne7 10. Bg5 f6 11. Nxe7+ Qxe7 12. Bd2 f5 13. 0-0 h6 14. Qc1 g5 15. e3 Nf6 16. c5 Nh5 17. d4 e4 18. cxd6 cxd6 19. Ne1 Be6 20. Nc2 Bc4 21. Re1 Rfc8 22. Qb2 Bd3 23. Rbc1 Qd7 24. Na3 Nf6 1/2-1/2

[Event "Florianopolis op 4th"]
[Site "Florianopolis"]
[Date "2018.01.22"]
[Round "5"]
[White "Felix, Joao Eduardo Orland"]
[Black "Dibai, Jerry"]
[Result "1-0"]
[WhiteElo "1316"]
[BlackElo "1717"]
[PlyCount "77"]
[EventDate "2018.01.19"]
[EventType "swiss"]
[EventRounds "10"]
[EventCountry "BRA"]
[SourceTitle "EXT 2019"]
[Source "ChessBase"]
[SourceDate "2018.10.10"]
[SourceVersion "1"]
[SourceVersionDate "2018.10.10"]
[SourceQuality "1"]

1. e4 c5 2. Nf3 g6 3. d4 cxd4 4. Nxd4 Bg7 5. c4 Nc6 6. Be3 Nf6 7. Nc3 0-0 8. Be2 d6 9. 0-0 Nxd4 10. Bxd4 Bd7 11. f4 Bc6 12. Bf3 Nd7 13. Be3 a5 14. Rc1 Nc5 15. b3 Bxc3 16. Rxc3 Nxe4 17. Bxe4 Bxe4 18. Qd4 Bf5 19. h3 h5 20. g4 hxg4 21. hxg4 e5 22. fxe5 Qh4 23. Bf2 dxe5 24. Qxe5 Qxg4+ 25. Rg3 Qe4 26. Bd4 Qxe5 27. Bxe5 f6 28. Rxf5 fxe5 29. Rxe5 Kg7 30. Rb5 Rf7 31. Rb6 Rd8 32. Rbxg6+ Kh7 33. Rg2 Rd1+ 34. Kh2 Ra1 35. R6g4 Rf6 36. Rg7+ Kh6 37. Rxb7 Rf5 38. Rb6+ Kh7 39. Rb5 1-0

[Event "Mineiro-ch"]
[Site "Belo Horizonte"]
[Date "2017.10.08"]
[Round "5"]
[White "Dibai, Jerry"]
[Black "De Sousa, Vitor Hugo Campos"]
[Result "0-1"]
[WhiteElo "1736"]
[BlackElo "1572"]
[PlyCount "64"]
[EventDate "2017.10.07"]
[EventType "swiss"]
[EventRounds "5"]
[EventCountry "BRA"]
[SourceTitle "CBM 181 Extra"]
[Source "ChessBase"]
[SourceDate "2017.12.12"]
[SourceVersion "1"]
[SourceVersionDate "2017.12.12"]
[SourceQuality "1"]

1. Nf3 d5 2. g3 e6 3. Bg2 Bd6 4. 0-0 Ne7 5. c4 c5 6. cxd5 exd5 7. d4 c4 8. Nc3 a6 9. Bg5 Be6 10. e4 dxe4 11. Nxe4 0-0 12. Nxd6 Qxd6 13. Ne5 f6 14. Bf4 fxe5 15. Bxe5 Qd7 16. Re1 Bd5 17. Qh5 Bf7 18. Qg5 Ng6 19. Rad1 Nc6 20. h4 Ngxe5 21. dxe5 Qe7 22. e6 Be8 23. Bd5 Rd8 24. Qe3 Rf5 25. Bxc4 Rxd1 26. Rxd1 Re5 27. Qb6 Rc5 28. Qb3 Ne5 29. Be2 Nc6 30. Rd7 Bxd7 31. exd7+ Kf8 32. Bg4 Nd8 0-1

[Event "Pocos de Caldas op"]
[Site "Pocos de Caldas"]
[Date "2017.03.10"]
[Round "2"]
[White "Dibai, Jerry"]
[Black "Paschoa, Brenno David Pereir"]
[Result "1-0"]
[WhiteElo "1765"]
[BlackElo "1298"]
[PlyCount "79"]
[EventDate "2017.03.10"]
[EventType "swiss"]
[EventRounds "6"]
[EventCountry "BRA"]
[SourceTitle "EXT 2018"]
[Source "ChessBase"]
[SourceDate "2017.10.13"]
[SourceVersion "1"]
[SourceVersionDate "2017.10.13"]
[SourceQuality "1"]

1. c4 e6 2. g3 d5 3. Bg2 Nf6 4. Nf3 Bd6 5. Nc3 Nc6 6. 0-0 dxc4 7. Qa4 0-0 8. Qxc4 Nb4 9. Nb5 Nbd5 10. e4 Nb6 11. Qc2 e5 12. d4 Re8 13. dxe5 Bxe5 14. Rd1 Qe7 15. Nxe5 c6 16. Nxc6 bxc6 17. Qxc6 Bd7 18. Rxd7 Nbxd7 19. Qd6 Rab8 20. Qxe7 Rxe7 21. Nxa7 Rbe8 22. f3 Nc5 23. Be3 Nd3 24. b3 h6 25. Bf1 Ne5 26. Kf2 Rc7 27. Nb5 Rc2+ 28. Be2 Nd3+ 29. Kf1 Nb4 30. a3 Na2 31. a4 Rb2 32. a5 Ra8 33. Bb6 Nd7 34. Bd4 Rc2 35. Na7 Nc1 36. Bc4 Rb8 37. Nc6 Ra8 38. a6 Nxb3 39. Bxb3 Rxc6 40. Bd5 1-0

[Event "Florianopolis op 3rd"]
[Site "Florianopolis"]
[Date "2017.01.25"]
[Round "9"]
[White "Franceschina, Dalvan Jose"]
[Black "Dibai, Jerry"]
[Result "1-0"]
[WhiteElo "1978"]
[BlackElo "1742"]
[PlyCount "95"]
[EventDate "2017.01.20"]
[EventType "swiss"]
[EventRounds "10"]
[EventCountry "BRA"]
[SourceTitle "CBM 176 Extra"]
[Source "ChessBase"]
[SourceDate "2017.03.02"]
[SourceVersion "1"]
[SourceVersionDate "2017.03.02"]
[SourceQuality "1"]

1. e4 c5 2. Nf3 g6 3. d4 cxd4 4. Nxd4 Bg7 5. Nc3 Nc6 6. Be3 Nf6 7. Be2 0-0 8. 0-0 d5 9. exd5 Nxd5 10. Nxd5 Qxd5 11. Bf3 Qc4 12. Nxc6 bxc6 13. c3 Ba6 14. Re1 Rfd8 15. Qc2 Bc8 16. Qb3 Qa6 17. Be2 Qb7 18. Qxb7 Bxb7 19. Red1 a6 20. Bb6 Rd5 21. Bc4 Rxd1+ 22. Rxd1 a5 23. Rd7 Ba6 24. Bb3 e6 25. Bxa5 Bf6 26. Bb4 Rc8 27. Bc5 Re8 28. g3 Be2 29. f4 Bf3 30. Kf2 Be4 31. Ke3 Bh1 32. Rc7 Kg7 33. a4 Bd5 34. Rb7 Ra8 35. Bc2 h5 36. Kd3 Rd8 37. Bb6 Rc8 38. b4 c5 39. Rc7 Rxc7 40. Bxc7 cxb4 41. cxb4 Be7 42. Ba5 Kf6 43. Kd4 Bc6 44. Bc7 Kg7 45. b5 Bb7 46. a5 g5 47. a6 Bg2 48. b6 1-0

[Event "Florianopolis op 3rd"]
[Site "Florianopolis"]
[Date "2017.01.22"]
[Round "4"]
[White "Torrallardona, Eduard"]
[Black "Dibai, Jerry"]
[Result "1/2-1/2"]
[WhiteElo "2134"]
[BlackElo "1742"]
[PlyCount "117"]
[EventDate "2017.01.20"]
[EventType "swiss"]
[EventRounds "10"]
[EventCountry "BRA"]
[SourceTitle "CBM 176 Extra"]
[Source "ChessBase"]
[SourceDate "2017.03.02"]
[SourceVersion "1"]
[SourceVersionDate "2017.03.02"]
[SourceQuality "1"]

1. e4 c5 2. Nf3 g6 3. d4 cxd4 4. Nxd4 Bg7 5. c4 Nc6 6. Be3 Nf6 7. Nc3 0-0 8. Be2 d6 9. 0-0 Bd7 10. Rc1 Nxd4 11. Bxd4 Bc6 12. f3 Nd7 13. Bxg7 Kxg7 14. Qd4+ Kg8 15. Nd5 e5 16. Qe3 Bxd5 17. cxd5 Qa5 18. a3 Rfc8 19. b4 Qb6 20. Kf2 Qxe3+ 21. Kxe3 Nb6 22. g3 Rxc1 23. Rxc1 Rc8 24. Rxc8+ Nxc8 25. a4 Kg7 26. a5 f5 27. Bb5 Kf6 28. Bd7 Ne7 29. Kd3 h5 30. Kc4 fxe4 31. fxe4 Kg5 32. h4+ Kf6 33. Be8 Kg7 34. Kb5 Kf6 35. Kc4 Nc8 36. Kd3 Ne7 37. Ke3 Nc8 38. Kf3 Ne7 39. g4 hxg4+ 40. Kxg4 Nc8 41. Bd7 Ne7 42. Be6 b6 43. axb6 axb6 44. Kf3 Kg7 45. Ke3 Kh6 46. Kd3 Kh5 47. Kc4 Kxh4 48. Kb5 g5 49. Kxb6 g4 50. Bxg4 Kxg4 51. Kc7 Nxd5+ 52. exd5 e4 53. b5 e3 54. b6 e2 55. b7 e1Q 56. b8Q Qc3+ 57. Kd7 Qg7+ 58. Kxd6 Qf6+ 59. Kd7 1/2-1/2

[Event "Belo Horizonte Mineiro zt"]
[Site "Belo Horizonte"]
[Date "2016.08.20"]
[Round "2.7"]
[White "Dibai, Jerry"]
[Black "Radaelli, Lucas Falcao"]
[Result "1-0"]
[WhiteElo "1743"]
[BlackElo "1814"]
[PlyCount "28"]
[EventDate "2016.08.19"]
[EventType "swiss"]
[EventRounds "5"]
[EventCountry "BRA"]
[SourceTitle "EXT 2022"]
[Source "ChessBase"]
[SourceDate "2021.10.06"]
[SourceVersion "1"]
[SourceVersionDate "2021.10.06"]
[SourceQuality "1"]

1. e4 c5 2. Nf3 d6 3. g3 Nf6 4. d3 Nc6 5. Bg2 Bg4 6. h3 Bh5 7. 0-0 e6 8. c3 d5 9. Qa4 Bxf3 10. Bxf3 d4 11. e5 Nd7 12. Bxc6 bxc6 13. Qxc6 Qb8 14. Na3 Qxe5 1-0

[Event "Pocos de Caldas op"]
[Site "Pocos de Caldas"]
[Date "2016.02.27"]
[Round "3"]
[White "Dibai, Jerry"]
[Black "Medeiros, Thauane Ferreira"]
[Result "0-1"]
[WhiteElo "1753"]
[BlackElo "1961"]
[PlyCount "78"]
[EventDate "2016.02.26"]
[EventType "swiss"]
[EventRounds "6"]
[EventCountry "BRA"]
[SourceTitle "EXT 2017"]
[Source "ChessBase"]
[SourceDate "2016.10.25"]
[SourceVersion "1"]
[SourceVersionDate "2016.10.25"]
[SourceQuality "1"]

1. e4 c5 2. Nf3 Nc6 3. g3 g6 4. Bg2 Bg7 5. 0-0 d6 6. d3 Nf6 7. c3 0-0 8. Re1 Bd7 9. Nbd2 b5 10. e5 dxe5 11. Nxe5 Nxe5 12. Rxe5 Rc8 13. Nb3 Bf5 14. Rxc5 Qxd3 15. Qxd3 Bxd3 16. Bf4 Bc4 17. Rxc8 Rxc8 18. Nd4 a6 19. Nc6 Re8 20. a4 Nd5 21. Be5 f6 22. Bd4 bxa4 23. Na5 Nxc3 24. Bxc3 Bb5 25. Bc6 Rc8 26. Bd5+ Kf8 27. Be6 Rc7 28. Rd1 Ke8 29. Bd4 Be2 30. Bb6 Bxd1 31. Bxc7 f5 32. b3 a3 33. b4 Bc3 34. Nc6 Ba4 35. Be5 Bd2 36. Nb8 Bb5 37. Kg2 Bxb4 38. f4 Kd8 39. Kf2 Bd6 0-1

[Event "Belo Horizonte Mineiro-ch"]
[Site "Belo Horizonte"]
[Date "2015.11.22"]
[Round "5"]
[White "Trombini, Fabio"]
[Black "Dibai, Jerry"]
[Result "1-0"]
[WhiteElo "1943"]
[BlackElo "1772"]
[PlyCount "85"]
[EventDate "2015.11.20"]
[EventType "swiss"]
[EventRounds "6"]
[EventCountry "BRA"]
[SourceTitle "CBM 169 Extra"]
[Source "ChessBase"]
[SourceDate "2015.12.18"]
[SourceVersion "1"]
[SourceVersionDate "2015.12.18"]
[SourceQuality "1"]

1. e4 c5 2. Nf3 g6 3. d4 cxd4 4. Nxd4 Nc6 5. c4 Nf6 6. Nc3 Nxd4 7. Qxd4 d6 8. Bg5 Bg7 9. Qd2 0-0 10. Be2 Be6 11. Rc1 Qa5 12. 0-0 Rfc8 13. b3 a6 14. Rfd1 b5 15. Bxf6 Bxf6 16. Nd5 Qxd2 17. Nxf6+ Kg7 18. Nh5+ gxh5 19. Rxd2 Rc5 20. b4 Rc7 21. c5 Rac8 22. Rdc2 dxc5 23. bxc5 h4 24. c6 h3 25. g3 Rd8 26. f4 Rd4 27. f5 Bc4 28. Bxc4 Rxc4 29. Rxc4 bxc4 30. Rxc4 Kf6 31. Rc5 e6 32. g4 exf5 33. gxf5 Kg5 34. Kf2 Kf4 35. Rc4 f6 36. Ke2 Ke5 37. Ke3 Kd6 38. Kd4 Rc8 39. c7 Ke7 40. Kd5 Kd7 41. Rc6 Ke7 42. Re6+ Kf7 43. Kd6 1-0

[Event "Mineiro-ch"]
[Site "Belo Horizonte"]
[Date "2015.09.06"]
[Round "5"]
[White "De Oliveira, Andre Luis Carneiro"]
[Black "Dibai, Jerry"]
[Result "0-1"]
[WhiteElo "1927"]
[BlackElo "1768"]
[PlyCount "64"]
[EventDate "2015.09.04"]
[EventType "swiss"]
[EventRounds "5"]
[EventCountry "BRA"]
[SourceTitle "EXT 2016"]
[Source "ChessBase"]
[SourceDate "2015.10.08"]
[SourceVersion "1"]
[SourceVersionDate "2015.10.08"]
[SourceQuality "1"]

1. e4 c5 2. Nf3 g6 3. d4 cxd4 4. Nxd4 Bg7 5. c4 Nc6 6. Be3 Nf6 7. Nc3 0-0 8. Be2 d6 9. 0-0 Bd7 10. f3 Nxd4 11. Bxd4 Bc6 12. Qd2 a5 13. Rfd1 Nd7 14. Qe3 e5 15. Ba7 b6 16. Rxd6 Qc7 17. Rxd7 Qxd7 18. Bxb6 Rfb8 19. Rd1 Qb7 20. c5 Bf6 21. Nb5 Bxb5 22. Bxb5 Bd8 23. Rd7 Qxb6 24. cxb6 Bxb6 25. Rd8+ Bxd8 26. Qd3 Bb6+ 27. Kf1 Rd8 28. Qc3 Rac8 29. Qxe5 Rc1+ 30. Ke2 Rc2+ 31. Ke1 Bf2+ 32. Kf1 Rd1# 0-1

[Event "BRA-ch Amateur"]
[Site "Sao Paulo"]
[Date "2015.04.03"]
[Round "7"]
[White "Dibai, Jerry"]
[Black "Pereira, Daniele Costa"]
[Result "1/2-1/2"]
[WhiteElo "1786"]
[BlackElo "1582"]
[PlyCount "27"]
[EventDate "2015.04.30"]
[EventType "swiss"]
[EventRounds "7"]
[EventCountry "BRA"]
[SourceTitle "EXT 2022"]
[Source "ChessBase"]
[SourceDate "2021.10.06"]
[SourceVersion "1"]
[SourceVersionDate "2021.10.06"]
[SourceQuality "1"]

1. Nf3 Nf6 2. g3 b6 3. Bg2 Bb7 4. d3 g6 5. e4 d6 6. 0-0 Bg7 7. c3 0-0 8. Re1 c5 9. Bg5 Nc6 10. Qd2 Re8 11. Bh6 Bh8 12. h4 Ng4 13. Bf4 Nce5 14. d4 1/2-1/2

[Event "Mineiro-ch"]
[Site "Belo Horizonte"]
[Date "2014.11.30"]
[Round "5"]
[White "Da Silva, Wagner Afonso"]
[Black "Dibai, Jerry"]
[Result "1-0"]
[WhiteElo "1998"]
[BlackElo "1798"]
[PlyCount "119"]
[EventDate "2014.11.28"]
[EventType "swiss"]
[EventRounds "6"]
[EventCountry "BRA"]
[SourceTitle "EXT 2022"]
[Source "ChessBase"]
[SourceDate "2021.10.06"]
[SourceVersion "1"]
[SourceVersionDate "2021.10.06"]
[SourceQuality "1"]

1. d4 Nf6 2. c4 g6 3. Nc3 Bg7 4. e4 d6 5. f3 0-0 6. Be3 Nbd7 7. Bd3 c5 8. Nge2 cxd4 9. Nxd4 Ne5 10. Be2 Nc6 11. Qd2 Bd7 12. 0-0 Nxd4 13. Bxd4 a5 14. a4 Bc6 15. Rac1 Nd7 16. b3 Bxd4+ 17. Qxd4 Nc5 18. Rb1 Qb6 19. Rfd1 Nd7 20. Qxb6 Nxb6 21. Nd5 Bxd5 22. exd5 Nd7 23. Bd3 Nc5 24. Bc2 Na6 25. Re1 Rfd8 26. Re2 Nb4 27. Rbe1 Kf8 28. Bb1 Na6 29. Kf2 Nc5 30. Bc2 Ra6 31. h4 Rb6 32. Re3 Nd7 33. g4 h6 34. Kg3 Nc5 35. f4 Kg7 36. h5 gxh5 37. gxh5 Kf6 38. Kf3 e6 39. dxe6 fxe6 40. Rg1 Rh8 41. Rg6+ Kf7 42. Kf2 Rc6 43. Reg3 Rcc8 44. Rg7+ Kf8 45. R3g6 Re8 46. Rc7 Rd8 47. Rgg7 Rb8 48. Rcf7+ Ke8 49. Bg6 Kd8 50. Ke3 b6 51. Kf3 Kc8 52. Rc7+ Kd8 53. Rgf7 Rc8 54. Ra7 Rb8 55. Kg4 Kc8 56. Rac7+ Kd8 57. f5 e5 58. f6 Rc8 59. Ra7 Rb8 60. Rfe7 1-0